LEADER 00841nam0 2200289 450 001 000027472 005 20100524134024.0 010 $a978-0-13-507421-3 100 $a20100524d2010----km-y0itay50------ba 101 0 $aeng 102 $aUS 105 $aa-------001yy 200 1 $aSocial psychology$fElliot Aronson, Timothy D. Wilson, Robin M. Akert 205 $a7. ed. 210 $aBoston$cPearson$dc2010 215 $a623 p.$cill.$d28 cm 500 10$aSocial psychology$914602 610 1 $aPsicologia sociale 676 $a302$v21 700 1$aAronson,$bElliot$089307 701 1$aWilson,$bTimothy D.$0509519 701 1$aAkert,$bRobin M.$0509520 801 0$aIT$bUNIPARTHENOPE$c20100524$gRICA$2UNIMARC 912 $a000027472 951 $a302-S/3$b42145$cNAVA1$d2010 996 $aSocial psychology$914602 997 $aUNIPARTHENOPE LEADER 02610nam0 22005653i 450 001 SBL0556547 005 20251003044356.0 020 $aIT$b751184 100 $a19910930d1974 ||||0itac50 ba 101 | $aita 102 $ait 181 1$6z01$ai $bxxxe 182 1$6z01$an 183 1$6z01$anc$2RDAcarrier 200 1 $aElementi di economia politica pura$fdi Leon Walras$gtraduzione di Anna Biagiotti$gintroduzione di Giuseppe Palomba$gnota biografica e nota bibliografica di Giovanni Busino 210 $aTorino$cUnione tipografico-editrice torinese$d1974 215 $a656 p., [5] carte di tav.$cill.$d23 cm 225 | $aClassici dell'economia$v4 410 0$1001CFI0032792$12001 $aClassici dell'economia$v4 500 10$aÉléments d'économie politique pure$3MIL0067184$9CFIV034909$943736 606 $aEconomia$xTeorie$2FIR$3CFIC002608$9E 676 $a330$9Economia$v14 676 $a330$9SCIENZE ECONOMICHE$v20 676 $a330$9ECONOMIA$v21 676 $a330.1$9ECONOMIA. Sistemi e teorie$v20 676 $a330.1$9ECONOMIA. SISTEMI, SCUOLE, TEORIE$v21 676 $a330.15$9$v12 676 $a330.157$9ECONOMIA. SCUOLA DELL'UTILITA MARGINALE (SCUOLA AUSTRIACA)$v21 696 $aEconomia reale$aAttività economiche$aAspetti economici 699 $aEconomia$yEconomia reale 699 $aEconomia$zAttività economiche 699 $aEconomia$zAspetti economici 700 1$aWalras$b, Léon$3CFIV034909$4070$0374931 702 1$aBusino$b, Giovanni$3CFIV059026$4340 702 1$aPalomba$b, Giuseppe$f <1908-1986>$3CFIV069131$4080 702 1$aBiagiotti$b, Anna$3SBLV248845$4730 790 1$aWalras$b, Marie Esprit Léon$f <1834-1910>$3SBNV121350$zWalras, Léon 790 1$aBarberino$b, Franco$3NAPV194362$zPalomba, Giuseppe <1908-1986> 801 3$aIT$bIT-000000$c19910930 850 $aIT-BN0095 $aIT-SA0037 $aIT-AV0001 $aIT-AV0003 $aIT-AV0007 $aIT-NA0070 $aIT-NA0075 901 $bNAP BU$c4 B $nPropedeutica. Formato cm. 20,1-28. 901 $bNAP AL$cCARUSO $n$ 901 $bNAP 42$cS. MODERNA$n$ 901 $bNAP AV$cSEZ. M $nSezione Moderna 901 $bNAP AR$cP. CICCONE$nDONAZIONE 912 $aSBL0556547 950 0$aBiblioteca Centralizzata di Ateneo$c15 v. (alcuni in più tomi)$d 01COLL. ITA CLADE$e 01AR 0070034045 VMA (00013 1 v.$fB $h20250512$i20250512 977 $a 01$a 42$a AL$a AR$a AV$a BU$a GE 996 $aÉléments d'économie politique pure$943736 997 $aUNISANNIO